000 00595nam a2200217Ia 4500
003 OSt
005 20220926042656.0
006 a|||||r|||| 00| 0
007 ta
008 220923b |||||||| |||| 00| 0 eng d
037 _cGeneral Book
040 _aRTL
_cRTL
_beng
041 _2eng
_aeng
082 _aX9(D2).211C.N59, K3
100 _aSonachalam K S
_9235552
245 0 _aBenfit-cost evaluation of cauvery-metbur project
260 _c1963
650 _aEngineering
_92968
942 _hX9(D2).211C.N59, K3
_cGB
_2CC
999 _c670345
_d670345